[Event "HUN-chT2 Barcza 1819"]
[Site "Hungary"]
[Date "2018.09.23"]
[Round "1.2"]
[White "Kelemen, Imre"]
[Black "Papp, Levente"]
[Result "0-1"]
[WhiteElo "2056"]
[BlackElo "2259"]
[PlyCount "68"]
[EventDate "2018.09.23"]
[EventType "team-tourn"]
[EventRounds "11"]
[EventCountry "HUN"]
[SourceTitle "CBM 189 Extra"]
[Source "ChessBase"]
[SourceDate "2019.06.03"]
[SourceVersion "1"]
[SourceVersionDate "2019.06.03"]
[SourceQuality "1"]
[WhiteTeam "Debrecen Sakkbaratok"]
[BlackTeam "Miskolc Kisbocsok"]
[WhiteTeamCountry "HUN"]
[BlackTeamCountry "HUN"]

1. Nf3 d5 2. g3 Nf6 3. Bg2 c6 4. c4 Nbd7 5. cxd5 cxd5 6. 0-0 e5 7. d4 e4 8. Ne1 Bd6 9. Nc3 0-0 10. Qb3 Nb6 11. Bg5 Be6 12. Nb5 Be7 13. Bf4 Ne8 14. Rc1 Nc4 15. Nc2 g5 16. Be3 f5 17. Rfd1 f4 18. Bd2 Nxd2 19. Rxd2 Qd7 20. Ne1 a6 21. Nc3 b5 22. Rdc2 Rc8 23. a3 Nf6 24. Na2 Rc4 25. e3 Ng4 26. Bf1 Nxf2 27. Rxf2 Rxc1 28. Nxc1 f3 29. Na2 h5 30. Nb4 h4 31. Nxa6 hxg3 32. hxg3 Qd6 33. Qxb5 Qxg3+ 34. Rg2 f2+ 0-1

[Event "Puspokladany Arnoth Memorial 10th"]
[Site "Puspokladany"]
[Date "2017.07.29"]
[Round "6"]
[White "Kelemen, Imre"]
[Black "Leszko, Bence"]
[Result "1-0"]
[WhiteElo "2058"]
[BlackElo "2033"]
[PlyCount "139"]
[EventDate "2017.07.26"]
[EventType "swiss"]
[EventRounds "9"]
[EventCountry "HUN"]
[SourceTitle "EXT 2019"]
[Source "ChessBase"]
[SourceDate "2018.10.10"]
[SourceVersion "1"]
[SourceVersionDate "2018.10.10"]
[SourceQuality "1"]

1. g3 e6 2. Bg2 f5 3. d3 Nf6 4. a3 Be7 5. c4 0-0 6. Nf3 d6 7. Nc3 e5 8. 0-0 Qe8 9. b4 Nbd7 10. a4 Qh5 11. a5 a6 12. Bb2 g5 13. Qc1 h6 14. Nd5 Bd8 15. Re1 c6 16. Nxf6+ Bxf6 17. Ra2 Re8 18. Qa1 Nf8 19. Bc3 Be6 20. Rc2 Bf7 21. Qb2 g4 22. Nd2 d5 23. cxd5 Bxd5 24. e4 fxe4 25. Nxe4 Bg7 26. Rce2 Rad8 27. Nc5 Bxg2 28. Kxg2 Rd5 29. Re4 Nh7 30. Qe2 Nf6 31. Rxe5 Rdxe5 32. Bxe5 Qf7 33. d4 Qd5+ 34. Kg1 Qf7 35. Qd1 h5 36. Qd2 Nh7 37. Qf4 Rf8 38. Qxf7+ Rxf7 39. Bxg7 Kxg7 40. Kg2 Ng5 41. Ne6+ Nxe6 42. Rxe6 Rd7 43. Re4 Kg6 44. f3 gxf3+ 45. Kxf3 Rd5 46. Ke3 Rb5 47. Re6+ Kf7 48. Re5 Rxb4 49. Rxh5 Kg6 50. Re5 Rb3+ 51. Ke4 Rb1 52. h4 Re1+ 53. Kf4 Rf1+ 54. Ke4 Re1+ 55. Kd3 Ra1 56. g4 Rg1 57. h5+ Kh6 58. Re6+ Kg7 59. Re7+ Kf6 60. Rxb7 Rd1+ 61. Kc3 Rc1+ 62. Kd2 Ra1 63. Rb6 Rxa5 64. Rxc6+ Kg7 65. Kc3 Ra1 66. d5 a5 67. g5 Rg1 68. h6+ Kh7 69. Rc7+ Kh8 70. d6 1-0

[Event "HUN-chT2 Maroczy 1314"]
[Site "Hungary"]
[Date "2013.08.22"]
[Round "2"]
[White "Seres, Bela"]
[Black "Kelemen, Imre"]
[Result "1-0"]
[WhiteElo "2229"]
[BlackElo "2136"]
[PlyCount "109"]
[EventDate "2013.09.08"]
[EventType "team-tourn"]
[EventRounds "11"]
[EventCountry "HUN"]
[SourceTitle "EXT 2016"]
[Source "ChessBase"]
[SourceDate "2015.10.08"]
[SourceVersion "1"]
[SourceVersionDate "2015.10.08"]
[SourceQuality "1"]
[WhiteTeam "Lila Futo"]
[BlackTeam "Debrecen SBK"]
[WhiteTeamCountry "HUN"]
[BlackTeamCountry "HUN"]

1. e4 c5 2. Nf3 Nc6 3. Bb5 g6 4. 0-0 Bg7 5. Re1 Nf6 6. a4 a6 7. Bxc6 bxc6 8. a5 Rb8 9. d3 Rb5 10. Na3 Rb8 11. Nc4 0-0 12. Qe2 d5 13. Nb6 Re8 14. e5 Nd7 15. Nxc8 Qxc8 16. e6 Nf8 17. exf7+ Kxf7 18. Ra4 e5 19. b3 Rb4 20. Rxb4 cxb4 21. Bb2 Nd7 22. Ng5+ Kg8 23. Qg4 c5 24. Qf3 Nf6 25. Qe2 h6 26. Nf3 e4 27. Bxf6 Bxf6 28. Nd2 Bc3 29. dxe4 Qe6 30. f3 Qe5 31. Rd1 Re6 32. Qe3 Bxd2 33. Qxd2 dxe4 34. Qxh6 Rd6 35. Re1 g5 36. Qh5 e3 37. Qg4 Rd4 38. Qc8+ Kf7 39. Qxa6 Rh4 40. g3 Rd4 41. Qb7+ Kf6 42. a6 e2 43. Kf2 Rd1 44. Qe4 Qxe4 45. fxe4 Rd6 46. Kxe2 Rxa6 47. Ke3 Ke5 48. Rf1 Rh6 49. Rf5+ Kd6 50. Rd5+ Kc6 51. Rd2 c4 52. e5 Re6 53. Rd6+ Rxd6 54. exd6 Kxd6 55. h4 1-0

[Event "HUN-chT2 Maroczy 1213"]
[Site "Hungary"]
[Date "2013.04.21"]
[Round "11"]
[White "Jeszenszky, Tibor"]
[Black "Kelemen, Imre"]
[Result "1/2-1/2"]
[WhiteElo "2325"]
[BlackElo "2174"]
[PlyCount "79"]
[EventDate "2012.09.16"]
[EventType "team-tourn"]
[EventRounds "11"]
[EventCountry "HUN"]
[SourceTitle "EXT 2014"]
[Source "ChessBase"]
[SourceDate "2013.11.20"]
[SourceVersion "1"]
[SourceVersionDate "2013.11.20"]
[SourceQuality "1"]
[WhiteTeam "Roeszke"]
[BlackTeam "Debrecen"]
[WhiteTeamCountry "HUN"]
[BlackTeamCountry "HUN"]

1. d4 Nf6 2. Nf3 g6 3. c4 c5 4. d5 b5 5. cxb5 a6 6. bxa6 Bxa6 7. g3 Bg7 8. Bg2 d6 9. 0-0 0-0 10. Nc3 Nbd7 11. Qc2 Qb6 12. Rd1 Rfb8 13. Rb1 Ng4 14. h3 Nge5 15. Nxe5 Bxe5 16. Bd2 Ra7 17. b3 Bd4 18. Be1 Rab7 19. Qe4 Nf6 20. Qh4 Nh5 21. e3 Bf6 22. Qe4 Qa7 23. Qc2 Bg7 24. Ne4 c4 25. bxc4 Rxb1 26. Rxb1 Rxb1 27. Qxb1 Bxc4 28. Nc3 Nxg3 29. Kh2 Nf5 30. a4 Be5+ 31. Kh1 f6 32. Qb4 Nxe3 33. fxe3 Qxe3 34. Ne4 Bxd5 35. Nxf6+ Bxf6 36. Bxd5+ Kg7 37. Bg2 Bd4 38. Kh2 Be5+ 39. Kh1 Bd4 40. Kh2 1/2-1/2

[Event "HUN-chT2 Maroczy 1213"]
[Site "Hungary"]
[Date "2013.04.07"]
[Round "10"]
[White "Kelemen, Imre"]
[Black "Feher, Gyula"]
[Result "0-1"]
[WhiteElo "2174"]
[BlackElo "2350"]
[PlyCount "92"]
[EventDate "2012.09.16"]
[EventType "team-tourn"]
[EventRounds "11"]
[EventCountry "HUN"]
[SourceTitle "EXT 2014"]
[Source "ChessBase"]
[SourceDate "2013.11.20"]
[SourceVersion "1"]
[SourceVersionDate "2013.11.20"]
[SourceQuality "1"]
[WhiteTeam "Debrecen"]
[BlackTeam "Taban Spartacus"]
[WhiteTeamCountry "HUN"]
[BlackTeamCountry "HUN"]

1. Nf3 Nf6 2. g3 b6 3. Bg2 Bb7 4. 0-0 g6 5. c4 c5 6. d4 cxd4 7. Bf4 Bg7 8. Na3 d6 9. Qd2 0-0 10. Bh6 Nbd7 11. Bxg7 Kxg7 12. Qxd4 Rc8 13. Rfd1 a6 14. Rac1 Qc7 15. b3 Qc5 16. Nc2 Qxd4 17. Nfxd4 Bxg2 18. Kxg2 Rc7 19. Nb4 Ra8 20. Rc2 e6 21. Rdc1 Nc5 22. Nd3 e5 23. Nxc5 dxc5 24. Nf3 e4 25. Nd2 Rd7 26. Nf1 Rad8 27. Ne3 h5 28. a3 Rd2 29. Rxd2 Rxd2 30. Rc2 Rxc2 31. Nxc2 Nd7 32. f3 exf3+ 33. exf3 Kf6 34. f4 Ke6 35. Ne3 b5 36. Nd5 Kd6 37. Kf3 Nb8 38. h3 Nc6 39. Ke4 Na5 40. cxb5 axb5 41. b4 f5+ 42. Kd3 Kxd5 43. bxa5 Kc6 44. Ke3 Kb7 45. Kf3 Ka6 46. g4 h4 0-1

[Event "HUN-chT2 Maroczy 1011"]
[Site "Hungary"]
[Date "2010.11.21"]
[Round "6"]
[White "Kelemen, Imre"]
[Black "Zalai, Mihaly"]
[Result "0-1"]
[WhiteElo "2132"]
[BlackElo "2133"]
[PlyCount "174"]
[EventDate "2010.09.12"]
[EventType "team-tourn"]
[EventRounds "11"]
[EventCountry "HUN"]
[SourceTitle "EXT 2012"]
[Source "ChessBase"]
[SourceDate "2011.11.24"]
[SourceVersion "1"]
[SourceVersionDate "2011.11.24"]
[SourceQuality "1"]
[WhiteTeam "Debrecen SBE"]
[BlackTeam "Oroshaza"]
[WhiteTeamCountry "HUN"]
[BlackTeamCountry "HUN"]

1. Nf3 c5 2. e4 Nc6 3. d4 cxd4 4. c3 dxc3 5. Nxc3 e6 6. Bc4 a6 7. Bf4 Bb4 8. 0-0 Nge7 9. e5 Bxc3 10. bxc3 0-0 11. Qd3 Ng6 12. Bg3 f6 13. exf6 Qxf6 14. Bd6 Rf7 15. Qe3 Nge7 16. Bd3 Nf5 17. Bxf5 Qxf5 18. Rad1 b5 19. Qb6 h6 20. Rfe1 Qc2 21. a3 Qxc3 22. Rc1 Qb2 23. Rc5 Kh7 24. Rh5 Qc3 25. Re3 Qa1+ 26. Re1 Qc3 27. Re3 Qc2 28. h3 Qd1+ 29. Re1 Qxd6 30. Ng5+ Kg6 31. Qe3 Rf5 32. Ne4 Qd4 33. Qg3+ Kh7 34. Rh4 Qb2 35. Nd6 Qd2 36. Re3 Re5 37. Ne8 g5 38. Rxe5 Kg6 39. Qg4 Nxe5 40. Qh5+ Kf5 41. Ng7+ Kf6 42. Qxh6+ Ke7 43. Re4 Nf7 44. Nf5+ Kd8 45. Qf8+ Kc7 46. Qc5+ Kb7 47. Nd4 Nd8 48. a4 Qd3 49. Re3 Qd1+ 50. Kh2 Nc6 51. Nxc6 dxc6 52. a5 Qd8 53. Rf3 Qc7+ 54. g3 e5 55. Rf7 Bd7 56. Qe7 Rd8 57. Qxg5 b4 58. Qd2 Qxa5 59. Rxd7+ Rxd7 60. Qxd7+ Qc7 61. Qd2 c5 62. h4 a5 63. h5 c4 64. h6 c3 65. Qd5+ Kb6 66. Qe6+ Kc5 67. Qf5 b3 68. h7 c2 69. h8Q c1Q 70. Qhf8+ Kb6 71. Q8f6+ Q1c6 72. Q6g5 a4 73. Qd3 Qc5 74. Qf6+ Q7c6 75. Qfd8+ Kb7 76. Qh7+ Qc7 77. Qhxc7+ Qxc7 78. Qd5+ Kb6 79. Qd2 Kb5 80. g4 Qh7+ 81. Kg3 Qe4 82. Qd7+ Kb4 83. Qd6+ Kc3 84. Qc5+ Kb2 85. f3 Qe1+ 86. Kh3 a3 87. g5 a2 0-1

[Event "HUN-chT2 Maroczy 1011"]
[Site "Hungary"]
[Date "2010.10.10"]
[Round "3"]
[White "Kelemen, Imre"]
[Black "Piroska, Istvan"]
[Result "0-1"]
[WhiteElo "2132"]
[BlackElo "2195"]
[PlyCount "106"]
[EventDate "2010.09.12"]
[EventType "team-tourn"]
[EventRounds "11"]
[EventCountry "HUN"]
[SourceTitle "EXT 2012"]
[Source "ChessBase"]
[SourceDate "2011.11.24"]
[SourceVersion "1"]
[SourceVersionDate "2011.11.24"]
[SourceQuality "1"]
[WhiteTeam "Debrecen SBE"]
[BlackTeam "Penzugyor II"]
[WhiteTeamCountry "HUN"]
[BlackTeamCountry "HUN"]

1. Nf3 d5 2. g3 Nf6 3. Bg2 e6 4. 0-0 Be7 5. c4 0-0 6. d3 b6 7. a3 Bb7 8. Nc3 c5 9. cxd5 Nxd5 10. Qc2 Nc6 11. Rd1 Rc8 12. Nxd5 Qxd5 13. Qc4 Qxc4 14. dxc4 Bf6 15. Rb1 Na5 16. Nd2 Bxg2 17. Kxg2 Rfd8 18. Re1 Rd7 19. e4 Rcd8 20. e5 Be7 21. Re2 Rd4 22. b3 Rd3 23. Kf1 Nc6 24. Ke1 Nd4 25. Re4 Bg5 26. f4 Be7 27. Kf2 Nc2 28. Ke2 a5 29. Rb2 Rc3 30. Rb1 Nd4+ 31. Ke1 Rc2 32. Kd1 Ra2 33. Re3 Nc2 34. Rf3 Nxa3 35. Rb2 Ra1 36. Re3 f6 37. h4 fxe5 38. fxe5 h5 39. Re1 Rd3 40. b4 axb4 41. Ke2 Rc3 42. Nb3 Raxc1 43. Rxc1 Rxg3 44. Nd2 Bxh4 45. Rh1 Rg4 46. Kd3 Rd4+ 47. Ke2 g6 48. Nf3 Rg4 49. Nxh4 g5 50. Rd2 gxh4 51. Rd7 b3 52. Ra1 Rg2+ 53. Kf3 Rg3+ 0-1

[Event "HUN-chT2 Maroczy 1011"]
[Site "Hungary"]
[Date "2010.09.26"]
[Round "2"]
[White "Kelemen, Imre"]
[Black "Korpa, Bence"]
[Result "1/2-1/2"]
[WhiteElo "2132"]
[BlackElo "2228"]
[PlyCount "126"]
[EventDate "2010.09.12"]
[EventType "team-tourn"]
[EventRounds "11"]
[EventCountry "HUN"]
[SourceTitle "EXT 2012"]
[Source "ChessBase"]
[SourceDate "2011.11.24"]
[SourceVersion "1"]
[SourceVersionDate "2011.11.24"]
[SourceQuality "1"]
[WhiteTeam "Debrecen SBE"]
[BlackTeam "Miskolc EMSE"]
[WhiteTeamCountry "HUN"]
[BlackTeamCountry "HUN"]

1. Nf3 d5 2. g3 Nf6 3. Bg2 Bg4 4. c4 c6 5. cxd5 cxd5 6. Qa4+ Qd7 7. Qxd7+ Nbxd7 8. Nc3 a6 9. h3 Bxf3 10. Bxf3 e6 11. d3 Rc8 12. Bd2 Bb4 13. a3 Bd6 14. d4 b5 15. e4 dxe4 16. Nxe4 Nxe4 17. Bxe4 0-0 18. Bb7 Rb8 19. Bc6 Nb6 20. 0-0 Rfc8 21. Be4 Rc4 22. Be3 f5 23. Bd3 Rc7 24. Rfc1 Rbc8 25. Rxc7 Rxc7 26. Rc1 Na4 27. Rxc7 Bxc7 28. b3 Nb6 29. Kf1 Nd5 30. Ke2 Kf7 31. a4 bxa4 32. bxa4 a5 33. Bc2 Bb6 34. Bd2 Ne7 35. Kd3 Nc6 36. Bc3 Ke7 37. Bd1 Kd6 38. f4 Bd8 39. Bf3 h6 40. Kc4 Na7 41. d5 exd5+ 42. Bxd5 Nc8 43. Be5+ Kd7 44. Kc5 g5 45. Bb3 g4 46. hxg4 fxg4 47. Bf7 Be7+ 48. Kb5 Nd6+ 49. Bxd6 Bxd6 50. Kxa5 Bc5 51. Bh5 Bf2 52. Bxg4+ Kc7 53. f5 Bxg3 54. f6 Bd6 55. Kb5 Kb7 56. a5 Be5 57. f7 Bd6 58. Be2 Bf8 59. Bh5 Be7 60. Bg4 Bf8 61. Be2 Be7 62. a6+ Ka7 63. Kc6 h5 1/2-1/2